| 000 | 01151nam a22003257a 4500 | ||
|---|---|---|---|
| 001 | 000078920 | ||
| 003 | DO-SdBPM | ||
| 005 | 20250806110229.0 | ||
| 007 | ta | ||
| 008 | 160531b 2009 pe ||| |||| 00| 0 spa d | ||
| 020 | _a9789972080470 | ||
| 040 |
_aDO-SdBPM _bspa _cBPMSU _erda |
||
| 082 | 4 |
_a321.07 _bP718r 2009 _222 |
|
| 100 | 1 |
_aPlatón, _d428?-347 a. C. _eautor |
|
| 245 | 1 | 3 |
_aLa República / _cPlatón ; ilustración Ricardo Quispe Galván |
| 264 |
_aLima, Perú : _bChirre, _c2009. |
||
| 300 |
_a129 páginas : _bilustraciones ; _c21 cm. |
||
| 336 |
_atexto _btxt _2rdaconten |
||
| 337 |
_asin mediación _bn _2rdamedia |
||
| 338 |
_avolumen _bnc _2rdacarrier |
||
| 490 | 0 | _a Las obras de los genios de la literatura | |
| 500 | _aIncluye cuestionario de comprensión de lectura. | ||
| 590 | _aInventariado, 2025/VM | ||
| 600 | 1 | 4 |
_aPlatón, _d428?-347 a. C. _xCrítica e interpretación. |
| 650 | 7 |
_aFilosofía clásica _xHistoria y crítica. |
|
| 650 | 7 |
_aFilosofía griega _xHistoria y crítica |
|
| 700 | 1 |
_aQuispe Galván, Ricardo, _eilustración |
|
| 910 | _aVMateo V. Control de calidad. BPMSU | ||
| 942 |
_2ddc _cBK |
||
| 999 |
_c10240 _d10240 |
||